000 00504nam a2200193 a 4500
001 1824
003 CO-ViMGA
008 141112s2004 ck r 000 u spa d
020 _a9507240284
040 _aCO-ViMGA
_bspa
_cCO-ViMGA
082 0 4 _a372.4044 R667c
100 1 _aRoot, Betty
_950348
245 1 0 _aCómo ayudar a su hijo a aprender a leer
260 _aBuenos Aires :
_bLumen,
_c1990
300 _a48 p : il
490 _aGuía para padres
650 1 4 _aLECTURA - ENSEÑANZA
942 _2ddc
_cBK
999 _c13979
_d13979